Chuyển trường về cực vùng vỹ độ thấp và việc minh giải bản đồ dị thường từ hàng không Việt Nam /
Spremljeno u:
| Glavni autor: | |
|---|---|
| Daljnji autori: | , |
| Format: | Članak |
| Jezik: | Vietnamese |
| Teme: | |
| Oznake: |
Dodaj oznaku
Bez oznaka, Budi prvi tko označuje ovaj zapis!
|
| Thư viện lưu trữ: | Thư viện Trường Đại học Đà Lạt |
|---|
| LEADER | 00972nam a2200313 4500 | ||
|---|---|---|---|
| 001 | DLU060054121 | ||
| 040 | # | # | |a DLU |b vie |
| 041 | # | # | |a vie |
| 044 | # | # | |a vn |
| 100 | # | # | |a Võ Thanh Sơn |
| 245 | # | # | |a Chuyển trường về cực vùng vỹ độ thấp và việc minh giải bản đồ dị thường từ hàng không Việt Nam / |c Võ Thanh Sơn, Lưu Việt Hùng, Lê Huy Minh |
| 653 | # | # | |a Bản đồ |
| 653 | # | # | |a Cấu trúc gẫy |
| 653 | # | # | |a Dị thường từ |
| 653 | # | # | |a Toán tử kỳ dị |
| 700 | # | # | |a Lê Huy Minh |
| 700 | # | # | |a Lưu Việt Hùng |
| 773 | # | # | |t Các khoa học về trái đất |g Số 2, 2002, tr.164-174 |
| 920 | # | # | |a Phòng Tạp chí -- Trung tâm Thông tin - Thư viện Trường Đại học Đà Lạt |
| 933 | # | # | |a MT |
| 994 | # | # | |a DLU |
| 900 | # | # | |a True |
| 911 | # | # | |a Nguyễn Thị Yên |
| 925 | # | # | |a G |
| 926 | # | # | |a A |
| 927 | # | # | |a BB |
| 980 | # | # | |a Thư viện Trường Đại học Đà Lạt |